000 01624pam a2200361 a 4500
001 3544445
003 OSt
005 20140310182112.0
008 970924s1998 mnua j b 001 0 eng
010 _a 97035226
020 _a9781560657033
040 _aDLC
_cDLC
_dDLC
042 _alcac
050 0 0 _aTH 7015
_b.C55 1998
082 0 0 _aHS 697
_b.C61 1998
100 1 _aClinton, Susan.
_912158
245 1 0 _aHeating-and-air conditioning servicer /
_cSusan Clinton ; content consultant, Robert L. Shepherd.
260 _aMankato, Minn. :
_bCapstone Books,
_cc1998.
300 _a48 p. :
_bcol. ill. ;
_c22 cm.
504 _aIncludes bibliographical references and index.
520 _aOutlines the educational requirements, duties, salary, employment outlook, and possible future positions of heating-and-air conditioning servicers.
541 _j1
562 _e1
650 0 _aHeating
_xEquipment and supplies
_xMaintenance and repair
_xVocational guidance.
_913498
650 0 _aAir conditioning
_xEquipment and supplies
_xMaintenance and repair
_xVocational guidance.
_913499
650 1 _aHeating
_xEquipment and supplies
_xMaintenance and repair
_xVocational guidance.
_913500
650 1 _aAir conditioning
_xEquipment and supplies
_xMaintenance and repair
_xVocational guidance.
_913501
650 1 _aVocational guidance.
_92038
830 0 _aCareers without college (Mankato, Minn.)
_910228
906 _a7
_bcbc
_corignew
_d1
_eocip
_f19
_gy-gencatlg
942 _2lcc
_cHS
999 _c9405
_d9405